Statystyki dla Jaki kraj reprezentuje ten piłkarz Ekstraklasy #1

Kliknij tutaj aby rozwiązać quiz!

Ogólne statystyki

  • Ten quiz został rozwiązany 21 razy
  • Średni wynik to 11 z 20

Statystyki odpowiedzi

PiłkarzNarodowość% Poprawnych
Afonso SousaPortugalia
94%
Koki HinokioJaponia
89%
Luka VuškovićChorwacja
78%
Tomáš PřikrylCzechy
78%
Petteri ForsellFinlandia
72%
Otar KakabadzeGruzja
72%
Ali GholizadehIran
67%
Leonardo KoutrisGrecja
61%
Juergen ElitimKolumbia
61%
Sergiy KrykunUkraina
61%
Raphael RossiBrazylia
56%
John YeboahEkwador
56%
Damjan BoharSłowenia
56%
Matías Nahuel LeivaHiszpania
50%
Afimico PululuAngola
44%
Adrien LouveauFrancja
39%
Imad RondicBośnia i Hercegowina
33%
Matthew GuillaumierMalta
33%
Artur CraciunRumunia
28%
Soma NovothnyWęgry
11%

Rozkład punktacji

Percentyl według liczby udzielonych odpowiedzi

Procent ludzi z każdym wynikiem

Twoja historia wyników

Nie rozwiązałeś tego quizu